Animals of the Mariana Trench - Statistics

General Stats
  • This quiz has been taken 9 times
  • The average score is 3 of 5
Answer Stats
Picture Answer % Correct
Goblin Shark
100%
Angler Fish
89%
Dumbo Octopus
56%
Frilled Shark
56%
Giant Tube Worm
33%
No matching quizzes found
Score Distribution
Percent of People with Each Score
Percentile by Number Answered
Your Score History
You have not taken this quiz